| 000 | 00932nam a2200253 i 4500 | ||
|---|---|---|---|
| 001 | 18734 | ||
| 003 | ES-MaACL | ||
| 005 | 20231222184206.0 | ||
| 007 | t| | ||
| 008 | 020308s1996 sp ||||0| spa j | ||
| 020 | _a84-7173-303-X | ||
| 080 | _a821.134.2 Baroja, Pío 2.06 | ||
| 100 | 1 |
_aUrrutia Salaverria, Luis. _9112255 |
|
| 245 | 1 | 4 |
_aLos prólogos de Pío Baroja / _cLuis Urrutia Salaverria ; presentación de Julio Caro Baroja. |
| 260 |
_aDonostia-San Sebastián : _bFundación Social y Cultural Kutxa, _c1996. |
||
| 300 |
_aXVI, 291 p. : _bil. ; _c24 cm. |
||
| 490 | 1 |
_aCol. "Monografías" ; _v42 |
|
| 600 | 1 | 4 |
_aBaroja, Pío, _d1872-1956- _xCrítica e interpretación _925756 |
| 700 | 1 |
_aCaro Baroja, Julio, _d1914-1995 _935403 |
|
| 710 | 2 |
_aInstituto Dr. Camino de Historia Donostiarra. _95025 |
|
| 830 | 0 |
_aCol. "Monografías" ; _v42 _9226554 |
|
| 852 |
_aES-MaACL _jL-25311 |
||
| 999 |
_c18734 _d18734 |
||